Battle for Dream Island - All Contestants - Statistics

General Stats
  • This quiz has been taken 6 times
  • The average score is 57 of 77
Answer Stats
Answer % Correct
David
100%
Firey
100%
Teardrop
100%
Yellow Face
100%
Barf Bag
83%
Blocky
83%
Book
83%
Bubble
83%
Coiny
83%
Donut
83%
Dora
83%
Eraser
83%
Fern
83%
Flower
83%
Golf Ball
83%
Ice Cube
83%
Jammy
83%
Leafy
83%
Liy
83%
Match
83%
Pen
83%
Pie
83%
Pin
83%
Puffball
83%
Rose
83%
Ruler
83%
Sidewalky
83%
Snowball
83%
Spongy
83%
Sticker
83%
Tennis Ball
83%
Woody
83%
8-Ball
67%
Balloony
67%
Basketball
67%
Beach Ball
67%
Bell
67%
Black Hole
67%
Bomby
67%
Bottle
67%
Bracelety
67%
Cake
67%
Clock
67%
Cloudy
67%
Eggy
67%
Fanny
67%
Firey Junior
67%
Foldy
67%
Fries
67%
Gaty
67%
Gelatin
67%
Grassy
67%
Hot Dog
67%
Lightning
67%
Lollipop
67%
Loser
67%
Marker
67%
Money
67%
Needle
67%
Needy
67%
Nickel
67%
Pencil
67%
Pillow
67%
Price Tag
67%
Remote
67%
Robot Flower
67%
Roboty
67%
Rocky
67%
Ruby
67%
Stapy
67%
Taco
67%
Toothpaste
67%
Tree
67%
TV
67%
Winner
67%
Naily
50%
Saw
50%
No matching quizzes found
Score Distribution
Percent of People with Each Score
Percentile by Number Answered
Your Score History
You have not taken this quiz